Moderates and extremists in the Indian nationalist movement, 1883-1920; (Record no. 79430)

MARC details
000 -LEADER
fixed length control field 00908cam a22002531 4500
001 - CONTROL NUMBER
control field sa 68003373
003 - CONTROL NUMBER IDENTIFIER
control field DLC
005 - DATE AND TIME OF LATEST TRANSACTION
control field 20260227112452.0
008 - FIXED-LENGTH DATA ELEMENTS--GENERAL INFORMATION
fixed length control field 710903s1967 ii c b 000 0ceng
010 ## - LIBRARY OF CONGRESS CONTROL NUMBER
LC control number sa 68003373
025 ## - OVERSEAS ACQUISITION NUMBER
Overseas acquisition number PL480:I-E-9695
040 ## - CATALOGING SOURCE
Original cataloging agency DLC
Transcribing agency DLC
Modifying agency DLC
050 00 - LIBRARY OF CONGRESS CALL NUMBER
Classification number DS479.1.B29
Item number A7
082 00 - DEWEY DECIMAL CLASSIFICATION NUMBER
Classification number 329.9/54
100 1# - MAIN ENTRY--PERSONAL NAME
Personal name Argov, Daniel,
Dates associated with a name 1934-
245 10 - TITLE STATEMENT
Title Moderates and extremists in the Indian nationalist movement, 1883-1920;
Remainder of title with special reference to Surendranath Banerjea and Lajpat Rai.
260 ## - PUBLICATION, DISTRIBUTION, ETC.
Place of publication, distribution, etc. Bombay,
-- New York,
Name of publisher, distributor, etc. Asia Pub. House
Date of publication, distribution, etc. [c1967]
300 ## - PHYSICAL DESCRIPTION
Extent xiv, 246 p.
Other physical details ports.
Dimensions 23 cm.
350 ## - PRICE (NR) (BK AM CF MU VM SE) [OBSOLETE]
Price Rs25
500 ## - GENERAL NOTE
General note Based on a thesis submitted for the degree of doctor of Philosophy in the University of London in 1964.
504 ## - BIBLIOGRAPHY, ETC. NOTE
Bibliography, etc. note Bibliography: p. 233-238.
600 10 - SUBJECT ADDED ENTRY--PERSONAL NAME
Personal name Banerjea, Surendranath,
Titles and other words associated with a name Sir,
Dates associated with a name 1848-1925.
600 20 - SUBJECT ADDED ENTRY--PERSONAL NAME
Personal name Lajpat Rai, Lala,
Dates associated with a name 1865-1928.

No items available.

Powered by Koha